|
|
|
|
| LEADER |
01391nam a2200301 a 4500 |
| 001 |
00025100 |
| 008 |
120508s2011 nyua b 001 0 eng |
| 999 |
|
|
|c 12154
|d 12154
|
| 020 |
|
|
|a 9780071220903
|
| 020 |
|
|
|a 0071220909
|
| 040 |
|
|
|a BD-DhAAL
|c BD-DhAAL
|
| 082 |
0 |
0 |
|a 658.5
|2 22
|
| 100 |
1 |
|
|a Jacobs, F. Robert.
|9 28713
|
| 245 |
1 |
0 |
|a Operations and supply chain management /
|c F. Robert Jacobs, Richard B. Chase.
|
| 250 |
|
|
|a 13th edition
|
| 260 |
|
|
|a New York :
|b McGraw-Hill Irwin,
|c c2011.
|
| 300 |
|
|
|a 829 pages :
|b color illustrations ;
|c 28 cm.
|
| 490 |
0 |
|
|a The McGraw-Hill/Irwin series operations and decision sciences.
|
| 504 |
|
|
|a Includes bibliographical references and index.
|
| 541 |
|
|
|e 00025100
|
| 650 |
|
0 |
|a Production management.
|9 28714
|
| 650 |
|
0 |
|a Business logistics.
|9 28715
|
| 700 |
1 |
|
|a Chase, Richard B.
|9 28716
|
| 700 |
1 |
|
|a Jacobs, F. Robert.
|t Operations and supply management.
|9 28717
|
| 852 |
1 |
|
|a Ayesha Abed Library
|c General stacks
|
| 942 |
|
|
|2 ddc
|c BK
|
| 952 |
|
|
|0 0
|1 0
|4 0
|6 658_500000000000000_JAC
|7 0
|9 20181
|a BRACUL
|b BRACUL
|c GEN
|d 2012-05-09
|e Karim International
|g 3040.00
|l 12
|m 52
|o 658.5 JAC
|p 3010025100
|r 2025-06-30
|s 2025-05-26
|t 1
|w 2012-05-09
|y BK
|x Available
|
| 952 |
|
|
|0 0
|1 0
|4 0
|6 658_500000000000000_JAC
|7 0
|9 20182
|a BRACUL
|b BRACUL
|c GEN
|d 2012-05-09
|e Karim International
|g 3040.00
|l 10
|m 133
|o 658.5 JAC
|p 3010025101
|r 2019-09-15
|s 2019-04-10
|t 2
|w 2012-05-09
|y BK
|x Available
|